01855cam a22003495a 4500001001200000003000400012005001700016008004100033020001800074020001500092040006900107082002300176100002500199245016500224246009600389250001200485260006900497300003300566500013100599504005000730505023000780650006201010650007201072651001001144653002601154700002501180700002201205856008201227942000801309999001701317952017101334ocm77572942OSt20180304144526.0061228t2012 nju frbf 001 0 eng d a9780132118491 a0132118491 aDNLM/DLCcDLCdIG#dBTCTAdNLMdBAKERdYDXCPdNRMdEG-ScBUEbeng04222a618.20231bLAD1 aLadewig, Patricia W.10aClinical handbook for Olds' maternal-newborn nursing & women's health across the lifespan /cPatricia A. Wieland Ladewig, Marcia L. London, Michele R. Davidson.3 aClinical handbook for Olds' maternal-newborn nursing and women's health across the lifespan a9th ed. aUpper Saddle River :bPerson Education / Prentice Hall,cc.2012. avi, 426 p. :bill. ;c18 cm. aRev. ed. of: Clinical handbook for maternal-newborn nursing & women's health care / Sally B. Olds ... [et al.]. 7th ed. c2004. aIncludes bibliographical reference and index.0 aAntepartal client -- At-risk antepartal -- Intrapartal client -- At-risk intrapartal -- Normal newborn -- At risk newborn -- Postpartal client -- Family planning -- Home care of postpartal family -- At risk postpartal client. 7aMaternity nursingvHandbooks, manuals, etc.2BUEsh922312 7aNewborn infantsxDiseasesxNursingvHandbooks, manuals, etc.2BUEsh 2BUEsh bGGENbNNURcMarch20181 aDavidson, Michele R.1 aLondon, Marcia L.413Table of contents onlyuhttp://www.loc.gov/catdir/toc/ecip077/2006102687.html 2ddc c26224d26196 00102ddc40708BaccahaMAINbMAINc1STd2018-03-04ePurchaseg228.00h20677l1m2o618.20231 LADp000047331q2022-11-21r2022-07-19 00:00:00s2022-07-19v285.00yBB